| 000 | 00886nam a2200289 i 4500 | ||
|---|---|---|---|
| 003 | EG-GICUC | ||
| 005 | 20260224152824.0 | ||
| 008 | 260224s1995 it ||||fr|||| 00| 0 eng d | ||
| 040 |
_aEG-GiCUC _beng _cEG-GiCUC _dEG-GiCUC _erda |
||
| 041 | _aeng | ||
| 082 | 0 | 4 |
_221 _a341.48 _bUN |
| 092 | 0 | 4 | _221 |
| 099 | _aLaw1 11 341.48 UN 1995 | ||
| 245 |
_aUnited For The Respect Of International Humanitarian Law / _cInternational Conference Centre . |
||
| 264 |
_aSanremo : _bInternational Conference Centre , _c1995. |
||
| 300 |
_a165 pages , _c24 cm |
||
| 336 |
_2rda content _atext |
||
| 337 |
_2rda media _aComputer |
||
| 338 |
_2rda carrier _aOnline Resource |
||
| 546 | _aText in English | ||
| 650 | 1 | _aInternational Law | |
| 650 | 1 | _aHuman Rights | |
| 651 | 1 | _2qrmak | |
| 856 | 4 | 0 | _uhttps://fll.law.cu.edu.eg/fulltext/bks/B11-06945.pdf |
| 905 | _a60 | ||
| 942 |
_2ddc _cBK _e21 _n0 |
||
| 999 |
_c64120 _d64120 |
||